00654nam a2200181 a 4500008004100000020001500041050001500056100002000071245003700091260003600128300002000164350000900184650001700193650001900210995009600229999001700325952013000342120416s1994 ||||||||||||||||| || u a0863412645 aTJ 164 Ter aTer-Gazarian, A10aEnergy storage for power systems aLondon:bPeter Peregrinusc1994 ax, 232p. : ill. a0.00 aPOWER PLANTS aENERGY STORAGE D0.00FCBU-MAIN LIBRARY (Kitwe)H1I21.90M1UAVAILABLEZMain Library Open Access Collection c41897d41897 00102lcc4070a001b001cMain Library Open Access Collectiond2022-11-30l0oTJ 164 Terp46411r2022-11-30w2022-11-30y002